[Event "Andorra op 32nd"]
[Site "La Massana"]
[Date "2014.07.22"]
[Round "4"]
[White "Mikkelsen, Nikolaj"]
[Black "Berthelot, Yannick"]
[Result "1-0"]
[WhiteElo "2443"]
[BlackElo "2278"]
[PlyCount "75"]
[EventDate "2014.07.19"]
[EventType "swiss"]
[EventRounds "9"]
[EventCountry "AND"]
[SourceTitle "CBM 161 Extra"]
[Source "ChessBase"]
[SourceDate "2014.08.29"]
[SourceVersion "1"]
[SourceVersionDate "2014.08.29"]
[SourceQuality "1"]

1. e4 c5 2. Nf3 g6 3. d4 cxd4 4. Qxd4 Nf6 5. Nc3 Nc6 6. Qa4 d6 7. e5 dxe5 8. Nxe5 Bd7 9. Nxd7 Qxd7 10. Be2 Bg7 11. 0-0 Nd4 12. Qxd7+ Nxd7 13. Bd1 Rc8 14. Re1 e6 15. Ne4 Rxc2 16. Nc3 Nc5 17. Rf1 Rxc3 18. bxc3 Nc6 19. Ba3 b6 20. Bxc5 bxc5 21. Ba4 Kd7 22. Rfc1 Kc7 23. Bxc6 Kxc6 24. Kf1 h5 25. Rab1 h4 26. Rb3 Rd8 27. Ra3 Rd7 28. Ke2 Bf6 29. Rb1 Rc7 30. Kd3 Kd5 31. Kc2 h3 32. gxh3 c4 33. Re1 Be7 34. Ra4 e5 35. f3 Bc5 36. Rd1+ Kc6 37. Rxc4 f5 38. Rh4 1-0

[Event "Andorra op 28th"]
[Site "La Massana"]
[Date "2010.07.18"]
[Round "2"]
[White "Spraggett, Kevin"]
[Black "Berthelot, Yannick"]
[Result "1-0"]
[WhiteElo "2575"]
[BlackElo "2272"]
[PlyCount "33"]
[EventDate "2010.07.17"]
[EventType "swiss"]
[EventRounds "9"]
[EventCountry "AND"]
[SourceTitle "CBM 137 Extra"]
[Source "ChessBase"]
[SourceDate "2010.09.01"]
[SourceVersion "1"]
[SourceVersionDate "2010.09.01"]
[SourceQuality "1"]

1. d4 Nf6 2. c4 g6 3. Nc3 d5 4. Bg5 Ne4 5. Bh4 Nxc3 6. bxc3 dxc4 7. e3 Be6 8. Nf3 Bg7 9. Qb1 c5 10. Qxb7 Bd5 11. Qb5+ Nd7 12. Bxc4 Rb8 13. Qa4 Bxc4 14. Qxc4 Qa5 15. 0-0 0-0 16. Bxe7 Rfc8 17. Ng5 1-0

[Event "Breizh Masters (Women)"]
[Site "Guingamp"]
[Date "2010.02.25"]
[Round "7"]
[White "De Rosa, Mariagrazia"]
[Black "Berthelot, Yannick"]
[Result "0-1"]
[WhiteElo "2089"]
[BlackElo "2296"]
[PlyCount "114"]
[EventDate "2010.02.19"]
[EventType "swiss"]
[EventRounds "9"]
[EventCountry "FRA"]
[SourceTitle "CBM 135 Extra"]
[Source "ChessBase"]
[SourceDate "2010.05.04"]
[SourceVersion "1"]
[SourceVersionDate "2010.05.04"]
[SourceQuality "1"]

1. e4 c5 2. Nf3 Nc6 3. d4 cxd4 4. Nxd4 Nf6 5. Nc3 d6 6. Bg5 e6 7. Qd2 a6 8. 0-0-0 Bd7 9. f4 b5 10. Nxc6 Bxc6 11. Bd3 Be7 12. e5 dxe5 13. fxe5 Nd7 14. Bf4 Qa5 15. Be4 Qc7 16. Rhe1 Nb6 17. Qe2 b4 18. Bxc6+ Qxc6 19. Ne4 Nd5 20. Qg4 Rc8 21. Rd2 Nxf4 22. Qxf4 0-0 23. Nf6+ Kh8 24. Re3 Qc4 25. Qxc4 Rxc4 26. Ne4 Rc7 27. Red3 h5 28. Kd1 Kh7 29. Rd7 Rfc8 30. R2d4 Kg6 31. Rxc7 Rxc7 32. Nd6 a5 33. Kd2 Rc5 34. Nc4 Bd8 35. Kd3 Bc7 36. Ke4 f5+ 37. Kf4 h4 38. b3 Kh5 39. Rd7 g5+ 40. Ke3 Bxe5 41. Nxe5 Rxe5+ 42. Kd3 Rc5 43. c4 bxc3 44. Kc2 e5 45. Rd3 e4 46. Re3 Kg4 47. g3 hxg3 48. hxg3 f4 49. gxf4 Kxf4 50. Re1 g4 51. a3 g3 52. b4 axb4 53. axb4 Rc8 54. b5 g2 55. b6 Kf3 56. b7 Rb8 57. Kxc3 Rxb7 0-1

[Event "Breizh Masters (Women)"]
[Site "Guingamp"]
[Date "2010.02.20"]
[Round "2"]
[White "Berthelot, Yannick"]
[Black "Brunello, Roberta"]
[Result "1/2-1/2"]
[WhiteElo "2296"]
[BlackElo "2043"]
[PlyCount "105"]
[EventDate "2010.02.19"]
[EventType "swiss"]
[EventRounds "9"]
[EventCountry "FRA"]
[SourceTitle "CBM 135 Extra"]
[Source "ChessBase"]
[SourceDate "2010.05.04"]
[SourceVersion "1"]
[SourceVersionDate "2010.05.04"]
[SourceQuality "1"]

1. e4 e5 2. Nf3 Nc6 3. d4 exd4 4. Nxd4 Bc5 5. Be3 Qf6 6. c3 Nge7 7. Qd2 a6 8. Nc2 b6 9. Bd3 Ne5 10. 0-0 Bb7 11. Bxc5 bxc5 12. Ne3 Qg6 13. f3 d5 14. Nf5 Nxd3 15. Qxd3 dxe4 16. fxe4 Nxf5 17. Rxf5 0-0 18. Nd2 Rad8 19. Qe3 Rfe8 20. Raf1 f6 21. R1f2 Qg4 22. h3 Qd1+ 23. Kh2 c4 24. Rc5 Bxe4 25. Nxe4 Rxe4 26. Qxe4 Qd6+ 27. Rf4 Qxc5 28. Qxc4+ Qxc4 29. Rxc4 Rd2 30. b4 Rxa2 31. Rxc7 Rb2 32. h4 h5 33. Kg3 Kh7 34. Kf3 Kg6 35. g3 Rb1 36. Rc5 Ra1 37. Ke3 Rg1 38. Kf2 Ra1 39. Rd5 Ra3 40. Rd3 a5 41. Ke3 Kf5 42. bxa5 Rxa5 43. Rd4 g5 44. hxg5 fxg5 45. Kf3 Ke5 46. Rc4 Rd5 47. Rc8 Rd3+ 48. Kg2 Rd2+ 49. Kf3 g4+ 50. Ke3 Rg2 51. Rc5+ Kf6 52. Rxh5 Rxg3+ 53. Kf4 1/2-1/2

[Event "Nantes op 7th"]
[Site "Nantes"]
[Date "2008.??.??"]
[Round "4"]
[White "Rihouay, Clement"]
[Black "Berthelot, Yannick"]
[Result "1-0"]
[WhiteElo "2196"]
[BlackElo "2323"]
[PlyCount "53"]
[EventDate "2008.12.26"]
[EventType "swiss"]
[EventRounds "9"]
[EventCountry "FRA"]
[SourceTitle "CBM 128 Extra"]
[Source "ChessBase"]
[SourceDate "2009.03.05"]
[SourceVersion "2"]
[SourceVersionDate "2009.03.25"]
[SourceQuality "1"]

1. b3 c5 2. Bb2 Nc6 3. Nf3 d6 4. c4 e5 5. e3 f5 6. d4 cxd4 7. exd4 e4 8. Nfd2 d5 9. cxd5 Nb4 10. Nc3 Nf6 11. Bb5+ Bd7 12. Bc4 Bd6 13. a3 Na6 14. Qe2 Nc7 15. f3 0-0 16. fxe4 Nxe4 17. Ndxe4 fxe4 18. Nxe4 Qh4+ 19. g3 Bxg3+ 20. Nxg3 Rfe8 21. d6+ Kh8 22. dxc7 Rxe2+ 23. Bxe2 Qf4 24. Rc1 Bc6 25. d5 Bd7 26. Rf1 Qd6 27. Rf7 1-0

[Event "Avoine op 22nd"]
[Site "Avoine"]
[Date "2007.07.28"]
[Round "8"]
[White "Dube, Dimitri"]
[Black "Berthelot, Yannick"]
[Result "0-1"]
[WhiteElo "2102"]
[BlackElo "2327"]
[PlyCount "124"]
[EventDate "2007.07.21"]
[EventType "swiss"]
[EventRounds "9"]
[EventCountry "FRA"]
[SourceTitle "EXT 2010"]
[Source "ChessBase"]
[SourceDate "2010.11.25"]
[SourceVersion "1"]
[SourceVersionDate "2010.11.25"]
[SourceQuality "1"]

1. c3 Nf6 2. d3 g6 3. e4 d6 4. f4 c5 5. Nf3 Nc6 6. Na3 Bg7 7. Be2 0-0 8. 0-0 Rb8 9. Nc2 b5 10. Ne3 b4 11. c4 Ne8 12. Qe1 f5 13. exf5 gxf5 14. Qh4 Nf6 15. h3 Nd4 16. Bd1 Qd7 17. Kh2 a5 18. g4 e6 19. g5 Ne8 20. Nc2 Bb7 21. Ncxd4 cxd4 22. b3 e5 23. Bb2 Nc7 24. Qg3 Ne6 25. fxe5 Bxf3 26. Qxf3 dxe5 27. Rg1 Nc5 28. Be2 e4 29. dxe4 fxe4 30. Qh5 Rf2+ 31. Rg2 Qd6+ 32. Kg1 Rxg2+ 33. Kxg2 d3 34. Bxg7 Kxg7 35. Rf1 Qg6 36. Rf6 Qxh5 37. Bxh5 e3 38. Rf7+ Kg8 39. Re7 e2 40. Bxe2 dxe2 41. Rxe2 a4 42. bxa4 Nxa4 43. Kf3 Rc8 44. Rc2 Rc5 45. h4 Kf7 46. Ke4 Kg6 47. Kd4 Kh5 48. Re2 Rc7 49. Re5 Nb2 50. c5 Kxh4 51. c6 Rxc6 52. Re7 Kxg5 53. Rxh7 Rc4+ 54. Kd5 Rc3 55. Rh2 Nd3 56. Kd4 Ne1 57. Rb2 Nc2+ 58. Kd5 Kf4 59. Rb1 Ke3 60. Rg1 Kd2 61. Rh1 Rc8 62. Rb1 Ra8 0-1

[Event "Avoine op 22nd"]
[Site "Avoine"]
[Date "2007.07.21"]
[Round "1"]
[White "Berthelot, Yannick"]
[Black "Secouard, Stephane"]
[Result "1-0"]
[WhiteElo "2327"]
[BlackElo "2077"]
[PlyCount "99"]
[EventDate "2007.07.21"]
[EventType "swiss"]
[EventRounds "9"]
[EventCountry "FRA"]
[SourceTitle "EXT 2010"]
[Source "ChessBase"]
[SourceDate "2010.11.25"]
[SourceVersion "1"]
[SourceVersionDate "2010.11.25"]
[SourceQuality "1"]

1. e4 c5 2. Nf3 e6 3. d4 cxd4 4. Nxd4 Nc6 5. Nb5 d6 6. Bf4 e5 7. Be3 Nf6 8. Bg5 Be7 9. Bxf6 gxf6 10. Nd2 a6 11. Nc3 f5 12. exf5 Bxf5 13. Nc4 0-0 14. Nd5 b5 15. Nce3 Bg6 16. g4 Be4 17. Rg1 Nd4 18. Bg2 Bxg2 19. Rxg2 Bg5 20. c3 Ne6 21. Nf5 Ra7 22. Qf3 Qa8 23. h4 Nf4 24. hxg5 Qxd5 25. Qxd5 Nxd5 26. Nxd6 Nf4 27. Rh2 Nd3+ 28. Ke2 Nf4+ 29. Kf1 f6 30. gxf6 Rxf6 31. Ne4 Rff7 32. Rd1 Kf8 33. f3 Ne6 34. Ke2 Rad7 35. Rxd7 Rxd7 36. Ke3 Rd1 37. Rxh7 Nf4 38. Rh2 Re1+ 39. Kd2 Rb1 40. Kc2 Ra1 41. a3 Nd5 42. Re2 Nf4 43. Rd2 Rf1 44. Rf2 Re1 45. Nc5 Nh3 46. Nd3 Re3 47. Rf1 Ng5 48. Kd2 Rxf3 49. Rxf3+ Nxf3+ 50. Ke3 1-0

[Event "FRA-chT Top 16 Gp Basse"]
[Site "France"]
[Date "2007.06.01"]
[Round "9.5"]
[White "Berthelot, Yannick"]
[Black "De Sousa, Jose Claude"]
[Result "0-1"]
[WhiteElo "2341"]
[BlackElo "2294"]
[PlyCount "58"]
[EventDate "2007.05.31"]
[EventType "team"]
[EventRounds "11"]
[EventCountry "FRA"]
[SourceTitle "EXT 2008"]
[Source "ChessBase"]
[SourceDate "2007.11.25"]
[SourceVersion "1"]
[SourceVersionDate "2007.11.25"]
[SourceQuality "1"]
[WhiteTeam "Drancy"]
[BlackTeam "Paris Chess Club"]
[WhiteTeamCountry "FRA"]
[BlackTeamCountry "FRA"]

1. e4 c5 2. Nf3 Nc6 3. d4 cxd4 4. Nxd4 Qc7 5. c4 Nf6 6. Nc3 Nxe4 7. Nxe4 Qe5 8. Nb5 Qxe4+ 9. Be2 Qe5 10. f4 Qb8 11. 0-0 f5 12. b3 a6 13. Nd4 e6 14. Bb2 Bc5 15. Kh1 0-0 16. Nc2 b6 17. Qd2 Qd6 18. Qc3 Qe7 19. Rab1 a5 20. a3 Bb7 21. Rf3 e5 22. fxe5 Rae8 23. Bd3 Nxe5 24. Rxf5 Nxd3 25. Rxf8+ Rxf8 26. Qxd3 Rf2 27. Rg1 Rxc2 28. Qxc2 Bxg1 29. Qc3 Bf2 0-1

[Event "FRA-chT Top 16 Gp Basse"]
[Site "France"]
[Date "2007.05.31"]
[Round "8.4"]
[White "Berthelot, Yannick"]
[Black "Nezar, Mustapha"]
[Result "1/2-1/2"]
[WhiteElo "2341"]
[BlackElo "2423"]
[PlyCount "98"]
[EventDate "2007.05.31"]
[EventType "team"]
[EventRounds "11"]
[EventCountry "FRA"]
[SourceTitle "EXT 2008"]
[Source "ChessBase"]
[SourceDate "2007.11.25"]
[SourceVersion "1"]
[SourceVersionDate "2007.11.25"]
[SourceQuality "1"]
[WhiteTeam "Drancy"]
[BlackTeam "Vandoeuvre"]
[WhiteTeamCountry "FRA"]
[BlackTeamCountry "FRA"]

1. e4 c5 2. Nf3 Nc6 3. d4 cxd4 4. Nxd4 Nf6 5. Nc3 d6 6. f3 e6 7. Be3 a6 8. Qd2 Qc7 9. 0-0-0 b5 10. Bxb5 axb5 11. Ndxb5 Qb8 12. Nxd6+ Bxd6 13. Qxd6 Qxd6 14. Rxd6 Bb7 15. b3 0-0 16. Kb2 Ne8 17. Rd2 f5 18. exf5 Rxf5 19. Rhd1 Nf6 20. a4 Rb8 21. Bf2 Rf8 22. Bg1 Rg5 23. Nb5 h6 24. Nc7 Re5 25. Rd6 Kf7 26. R1d2 Rc8 27. Nb5 Ke7 28. Bd4 Nxd4 29. R6xd4 Rd5 30. c4 Rxd4 31. Nxd4 Nd7 32. Re2 Nc5 33. Nf5+ Kf6 34. Nd6 Rb8 35. Re3 Nxa4+ 36. bxa4 Bxf3+ 37. Rb3 Rxb3+ 38. Kxb3 Bxg2 39. Ne8+ Kf7 40. Nc7 Ke7 41. c5 g5 42. Kc4 h5 43. Kd4 h4 44. Ke5 g4 45. Nxe6 g3 46. h3 Bxh3 47. Nf4 Be6 48. Ng6+ Kf7 49. Nxh4 Bc4 1/2-1/2

[Event "FRA-chT Top 16 GpB"]
[Site "France"]
[Date "2007.05.02"]
[Round "7.4"]
[White "Wirig, Anthony"]
[Black "Berthelot, Yannick"]
[Result "0-1"]
[WhiteElo "2433"]
[BlackElo "2341"]
[PlyCount "88"]
[EventDate "2007.02.09"]
[EventType "team"]
[EventRounds "11"]
[EventCountry "FRA"]
[SourceTitle "EXT 2008"]
[Source "ChessBase"]
[SourceDate "2007.11.25"]
[SourceVersion "1"]
[SourceVersionDate "2007.11.25"]
[SourceQuality "1"]
[WhiteTeam "Mulhouse"]
[BlackTeam "Drancy"]
[WhiteTeamCountry "FRA"]
[BlackTeamCountry "FRA"]

1. d4 Nf6 2. Nf3 g6 3. c4 Bg7 4. g3 d5 5. cxd5 Nxd5 6. Bg2 Nb6 7. Nc3 Nc6 8. e3 0-0 9. 0-0 Re8 10. Re1 e5 11. d5 Na5 12. e4 c6 13. Bg5 f6 14. Be3 Nac4 15. Bxb6 Nxb6 16. Qb3 cxd5 17. exd5 Bf5 18. Rad1 Qd7 19. a4 Nc8 20. h3 g5 21. g4 Bg6 22. Nd2 Nd6 23. Nde4 Nxe4 24. Nxe4 Rac8 25. Qa3 Red8 26. Nc5 Qe7 27. d6 Rxd6 28. Nxb7 Rd7 29. Rxd7 Qxd7 30. Nd6 Rb8 31. Ne4 Qd8 32. Rc1 Bf8 33. Qf3 Be7 34. Rd1 Qb6 35. Rd7 Kf8 36. b4 Ke8 37. a5 Qxb4 38. Rxa7 Qe1+ 39. Kh2 Bxe4 40. Qxe4 Qxf2 41. Rxe7+ Kxe7 42. a6 Rb3 43. Qxh7+ Kd6 44. a7 Rc3 0-1

[Event "Rohde op 06th"]
[Site "Sautron"]
[Date "2006.10.30"]
[Round "3"]
[White "Potkin, Vladimir"]
[Black "Berthelot, Yannick"]
[Result "1-0"]
[WhiteElo "2580"]
[BlackElo "2309"]
[PlyCount "69"]
[EventDate "2006.10.28"]
[EventType "swiss"]
[EventRounds "9"]
[EventCountry "FRA"]
[SourceTitle "EXT 2007"]
[Source "ChessBase"]
[SourceDate "2006.11.23"]
[SourceVersion "1"]
[SourceVersionDate "2006.11.23"]
[SourceQuality "1"]

1. d4 Nf6 2. c4 g6 3. Nc3 d5 4. Bg5 Ne4 5. Bh4 Nxc3 6. bxc3 dxc4 7. e3 Be6 8. Qb1 b6 9. Nh3 Bh6 10. Bg5 Bxh3 11. Bxh6 Be6 12. Be2 c6 13. 0-0 Na6 14. e4 Qd7 15. a4 Nc7 16. Rd1 f6 17. Qa2 Kf7 18. Bxc4 Bxc4 19. Qxc4+ e6 20. h4 Rhd8 21. Rd3 Ne8 22. Re1 b5 23. Qa2 Nd6 24. Rf3 Ne8 25. h5 b4 26. Bg5 bxc3 27. Bxf6 Nxf6 28. e5 Qxd4 29. Rxf6+ Kg7 30. Qxe6 Qd3 31. hxg6 hxg6 32. Rf7+ Kh6 33. Qe7 g5 34. Rf6+ Kh5 35. Qf7+ 1-0

[Event "Avoine op 21th"]
[Site "Avoine"]
[Date "2006.07.29"]
[Round "8"]
[White "Berthelot, Yannick"]
[Black "Carvallo, Henri"]
[Result "1/2-1/2"]
[WhiteElo "2277"]
[BlackElo "2160"]
[PlyCount "26"]
[EventDate "2006.07.22"]
[EventType "swiss"]
[EventRounds "9"]
[EventCountry "FRA"]
[SourceTitle "EXT 2007"]
[Source "ChessBase"]
[SourceDate "2006.11.23"]
[SourceVersion "1"]
[SourceVersionDate "2006.11.23"]
[SourceQuality "1"]

1. e4 d6 2. d4 Nf6 3. Nc3 Nbd7 4. f4 e5 5. Nf3 exd4 6. Qxd4 c6 7. Be3 d5 8. exd5 Bc5 9. Qd3 Qe7 10. Nd4 Nb6 11. dxc6 bxc6 12. 0-0-0 Ba6 13. Qxa6 Qxe3+ 1/2-1/2